Score 0/22 Timer 06:00
0 Plays Today
Cut Off at M Book Title % Correct
ANGELS AND DEMONS
93.9%
LITTLE WOMEN
93%
A STREETCAR NAMED DESIRE
92.8%
INTERVIEW WITH THE VAMPIRE
89.2%
THE COUNT OFMONTE CRISTO
86.6%
FOR WHOM THE BELL TOLLS
83.9%
PYGMALION
83.1%
UNCLE TOM'S CABIN
76.6%
DIVINE COMEDY
74.7%
THE HANDMAID'S TALE
74.7%
THE BRIDGES OFMADISON COUNTY
74.3%
Cut Off at M Book Title % Correct
THE BROTHERS KARAMAZOV
70.2%
INTERPRETER OFMALADIES
69.9%
EVERYTHING IS ILLUMINATED
69.3%
LOVE IN THE TIME OF CHOLERA
68.4%
PET SEMATARY
66.4%
THE ISLAND OF DR.MOREAU
64.5%
THE ANDROMEDA STRAIN
63.4%
ARE YOU THERE GOD? IT'SME, MARGARET
63.1%
DO ANDROIDS DREAM OF ELECTRIC SHEEP?
56.4%
A PRAYER FOR OWENMEANY
52%
ABSALOM, ABSALOM
51.1%
Remove Ads.
Support Sporcle.
Get the best of Sporcle when you Go Orange. This ad-free experience offers more features, more stats, and more fun while also helping to support Sporcle. Thank you for becoming a member.

You're not logged in!

Compare scores with friends on all Sporcle quizzes.
OR
Log In

Show Comments

Extras

Top Quizzes Today


Score Distribution

Your Account Isn't Verified!

In order to create a playlist on Sporcle, you need to verify the email address you used during registration. Go to your Sporcle Settings to finish the process.

Report this User

Report this user for behavior that violates our Community Guidelines.

Details: